00490nam a22001457a 450000500170000000800410001702000140005804100130007208200150008510000320010024500970013226000560022930000330028565000260031820231101110150.0231101b |||||||| |||| 00| 0 eng d a040904086 aEnglish  a346.7 PRO  aMalan, FR et al. lEnglish  aProvisional Sentence on Bills of Exchange, Cheques and Promissory Notes / cFR Malan et al.  aDurban : bButterworth Publishers (Pty) Ltd, c1986 bxxxii, 269 pages ; c25 cm.  aLegal practice bLaw